000
00337nam a2200145Ia 4500
008
150201s2006 xx 000 0 und d
082
_a
618.92
_b
N06I
100
_a
ILLINGWORTH, R.S.
245
_a
THE NORMAL CHILD
250
_a
10TH
260
_b
CHURCHILL
_a
DELHI
_c
2006
300
_a
1-450
650
_a
PAEDIATRICS
942
_2
ddc
_c
BK
_0
1
999
_c
216
_d
216